000 01088nam a2200505Ia 4500
001 9886
003 19900
005 20251008062548.0
008 ||||||n9999 ||| || ||
020 _a9684515529
041 _aspa
082 _221
_a658
100 _aSweeny, Allen
_97284
245 0 _aManual de presupuestos
260 _aMéxico :
_bMCGRA,
_c1984.
300 _a884p
562 _e3
650 _aMANUAL
_9317
650 0 _aPresupuesto
_96287
650 _aPRESUPUESTO BASE CERO
_98219
650 _aPROCESO PRESUPUESTAL
_98220
650 _aSISTEMA PRESUPUESTAL
_98422
650 _aTEORIA PRESUPUESTARIA
_912957
942 _cBKM
999 _c9886
_d9886
526 _a102617
526 _a102618
526 _a15794
526 _a102619
526 _a102620
526 _a10406
526 _a105630
526 _a1698
526 _a116204
526 _a4969
526 _a19790
526 _a104436
526 _a5144
526 _a51868
526 _a3899
526 _a9683
526 _a
526 _a1703
526 _a1697
526 _a17598